[Event "Edinburgh Premier"]
[Site "Edinburgh"]
[Date "2016.04.10"]
[Round "5.15"]
[White "Findlay, David John"]
[Black "Coffey, Anthony"]
[Result "1/2-1/2"]
[WhiteElo "2155"]
[BlackElo "1957"]
[PlyCount "130"]
[EventDate "2016.04.08"]
[EventType "swiss"]
[EventRounds "5"]
[EventCountry "SCO"]
[SourceDate "2016.04.08"]

1. e4 e5 2. Nc3 Nf6 3. g3 d5 4. exd5 Nxd5 5. Bg2 Nxc3 6. bxc3 Nc6 7. Nf3 Bd6 8.
O-O O-O 9. d4 h6 10. Re1 exd4 11. cxd4 Bb4 12. Re3 Bg4 13. Bb2 Ne7 14. c4 c5
15. a3 cxd4 16. Qxd4 Qxd4 17. Nxd4 Bc5 18. Re4 f5 19. Re5 Bxd4 20. Bxd4 Nc6 21.
Rd5 Be2 22. Rd7 Nxd4 23. Rxd4 Rad8 24. Rxd8 Rxd8 25. Bd5+ Kf8 26. Re1 Bd3 27.
Re3 Be4 28. Bxe4 fxe4 29. Rxe4 Rd1+ 30. Kg2 Ra1 31. Re3 b6 32. Rc3 Ke7 33. h4
Kd6 34. h5 Kc5 35. g4 Kd4 36. Rf3 Kxc4 37. Rf7 Rxa3 38. Rxg7 b5 39. Rc7+ Kd4
40. g5 hxg5 41. h6 Ra6 42. h7 Rh6 43. Rxa7 b4 44. Kg3 b3 45. Kg4 b2 46. Rb7
Rxh7 47. Rxb2 Ke4 48. Re2+ Kd3 49. Re3+ Kd2 50. Re5 Rf7 51. f3 Rf8 52. Rxg5 Ke3
53. Re5+ Kd4 54. f4 Rg8+ 55. Kf3 Rf8 56. Ra5 Kd3 57. f5 Kd4 58. Kf4 Kc4 59. Ra6
Kb5 60. Re6 Kc5 61. f6 Kd5 62. Ra6 Rg8 63. Kf5 Rg1 64. Ra5+ Kd6 65. Ra7 Kd5
1/2-1/2

[Event "Edinburgh Premier"]
[Site "Edinburgh"]
[Date "2016.04.10"]
[Round "5.16"]
[White "Delaere, Koen"]
[Black "Robinson, Stephen"]
[Result "1/2-1/2"]
[WhiteElo "1986"]
[BlackElo "1823"]
[PlyCount "104"]
[EventDate "2016.04.08"]
[EventType "swiss"]
[EventRounds "5"]
[EventCountry "SCO"]
[SourceDate "2016.04.08"]

1. d4 e6 2. c4 f5 3. Bf4 Nf6 4. Nf3 Be7 5. Nc3 b6 6. d5 Bb7 7. dxe6 dxe6 8.
Qxd8+ Bxd8 9. Nd4 Kf7 10. f3 a6 11. O-O-O Re8 12. Be3 c5 13. Nc2 Nc6 14. Bf2
Bc7 15. h3 Rad8 16. e3 Rxd1+ 17. Kxd1 Rd8+ 18. Kc1 Ne5 19. Ne1 Rd7 20. Be2 g5
21. Kc2 h5 22. b3 g4 23. hxg4 hxg4 24. Na4 gxf3 25. gxf3 Neg4 26. Bg1 Bc6 27.
Nb2 Ne5 28. Nbd3 Ng6 29. Ng2 Rd8 30. Bf2 e5 31. Rf1 Rh8 32. Nge1 Rh2 33. Nb2 e4
34. f4 Nxf4 35. Kd2 Nxe2 36. Kxe2 f4 37. exf4 Bxf4 38. Nd1 Bd7 39. Nc2 Bg4+ 40.
Ke1 Bf3 41. Nce3 Ng4 42. Nxg4 Bxg4 43. Nc3 Bf3 44. Nxe4 Bg2 45. Bg3 Rh1 46.
Rxh1 Bxh1 47. Bxf4 Bxe4 48. Kd2 Ke6 49. Kc3 b5 50. a3 Bc6 51. Be3 Kd6 52. Bf4+
Kd7 1/2-1/2

[Event "Edinburgh Premier"]
[Site "Edinburgh"]
[Date "2016.04.10"]
[Round "5.17"]
[White "Zhang, Zheming"]
[Black "Will, Douglas"]
[Result "1/2-1/2"]
[WhiteElo "1792"]
[BlackElo "1959"]
[PlyCount "102"]
[EventDate "2016.04.08"]
[EventType "swiss"]
[EventRounds "5"]
[EventCountry "SCO"]
[SourceDate "2016.04.08"]

1. e4 e5 2. Nf3 Nc6 3. Bc4 Nf6 4. d3 Be7 5. c3 O-O 6. Bb3 d5 7. Nbd2 h6 8. O-O
Be6 9. Bc2 Qd7 10. Qe2 Nh5 11. Nb3 Nf4 12. Bxf4 exf4 13. e5 g5 14. d4 Kg7 15.
Qd3 Rh8 16. Nfd2 b6 17. Kh1 Rag8 18. a4 a5 19. Nc1 f5 20. exf6+ Kxf6 21. Ne2
Bf5 22. Qxf5+ Qxf5 23. Bxf5 Kxf5 24. Ng1 Bf6 25. Rae1 Re8 26. h3 h5 27. Ne2 g4
28. Nc1 Bg5 29. f3 Bh4 30. Rxe8 Rxe8 31. fxg4+ hxg4 32. hxg4+ Kxg4 33. Nd3 Bg3
34. Nf3 Re2 35. Kg1 Kf5 36. Rd1 Ke4 37. Kf1 Re3 38. Nde5 Nxe5 39. dxe5 c6 40.
e6 Kf5 41. Nd4+ Kf6 42. Nxc6 Kxe6 43. Nd4+ Ke5 44. Nf3+ Ke6 45. Rd2 Kd6 46. Re2
Re4 47. Nd4 Kc5 48. Rxe4 dxe4 49. b3 Kd5 50. Nf5 Bh2 51. Ke2 Bg1 1/2-1/2

[Event "Edinburgh Premier"]
[Site "Edinburgh"]
[Date "2016.04.10"]
[Round "5.18"]
[White "Giulian, Rosie"]
[Black "Bourached, Anthony"]
[Result "0-1"]
[WhiteElo "1867"]
[BlackElo "1951"]
[PlyCount "76"]
[EventDate "2016.04.08"]
[EventType "swiss"]
[EventRounds "5"]
[EventCountry "SCO"]
[SourceDate "2016.04.08"]

1. e4 c6 2. d4 d5 3. e5 Bf5 4. Nd2 c5 5. dxc5 e6 6. Nb3 Nd7 7. Nf3 a6 8. Nbd4
Ne7 9. Nxf5 Nxf5 10. Bd3 Ne7 11. O-O Nxc5 12. c4 Nxd3 13. Qxd3 Rc8 14. cxd5
Qxd5 15. Qxd5 Nxd5 16. Bd2 Be7 17. Rac1 Kd7 18. a3 h6 19. Rfd1 b5 20. Kf1 Bc5
21. Ke2 Bb6 22. Rxc8 Rxc8 23. Rc1 Rxc1 24. Bxc1 b4 25. axb4 Kc6 26. Kd3 Bxf2
27. Bd2 Kb5 28. Nd4+ Bxd4 29. Kxd4 Nxb4 30. b3 Nc6+ 31. Ke4 Na5 32. Bc1 Nxb3
33. Ba3 Kc4 34. Bf8 a5 35. Bxg7 a4 36. Bf8 Nc5+ 37. Bxc5 Kxc5 38. Kd3 Kd5 0-1

[Event "Edinburgh Premier"]
[Site "Edinburgh"]
[Date "2016.04.10"]
[Round "5.19"]
[White "Doyle, James"]
[Black "Dabos-Doukas, Ioannis"]
[Result "0-1"]
[WhiteElo "1933"]
[BlackElo "1788"]
[PlyCount "132"]
[EventDate "2016.04.08"]
[EventType "swiss"]
[EventRounds "5"]
[EventCountry "SCO"]
[SourceDate "2016.04.08"]

1. e4 c5 2. Nf3 e6 3. d4 cxd4 4. Nxd4 Nc6 5. Be2 Qc7 6. Nc3 Nf6 7. O-O a6 8.
Kh1 Bb4 9. f3 b5 10. a4 Nxd4 11. Qxd4 Bc5 12. Qd2 b4 13. Nd1 Bb7 14. c4 O-O 15.
Qg5 Bd4 16. Bf4 Qc5 17. Qxc5 Bxc5 18. b3 d5 19. cxd5 exd5 20. Rc1 Rac8 21. exd5
Nxd5 22. Bd2 Rfe8 23. Bc4 a5 24. Nb2 Bd4 25. Nd1 Nb6 26. Bb5 Rxc1 27. Bxc1 Re6
28. Bb2 Bc5 29. h3 Bd5 30. Nf2 Bxb3 31. Ne4 Bf8 32. Rc1 Bxa4 33. Bxa4 Nxa4 34.
Bd4 Ra6 35. Rc8 b3 36. Rb8 b2 37. Bxb2 Nxb2 38. Rxb2 a4 39. Kg1 a3 40. Ra2 Rb6
41. Kf1 f5 42. Nd2 Rb2 43. Rxb2 axb2 44. Ke2 g6 45. Kd3 Bg7 46. Kc2 Kf7 47. Nc4
Ke6 48. g3 Kd5 49. Ne3+ Kd4 50. Nd1 g5 51. h4 gxh4 52. gxh4 h5 53. Nxb2 Ke3 54.
Nc4+ Kxf3 55. Nd6 Kg4 56. Kd3 f4 57. Ne4 Kxh4 58. Ke2 Kg4 59. Nf2+ Kg3 60. Ne4+
Kg2 61. Ng5 h4 62. Nf3 Bf6 63. Ne1+ Kg3 64. Kf1 Bd4 65. Ng2 h3 66. Nxf4 Kxf4
0-1

[Event "Edinburgh Premier"]
[Site "Edinburgh"]
[Date "2016.04.10"]
[Round "5.20"]
[White "Marks, Ian"]
[Black "Sykes, Chris"]
[Result "1-0"]
[WhiteElo "1888"]
[BlackElo "1897"]
[PlyCount "69"]
[EventDate "2016.04.08"]
[EventType "swiss"]
[EventRounds "5"]
[EventCountry "SCO"]
[SourceDate "2016.04.08"]

1. e4 c6 2. d4 d5 3. Nd2 dxe4 4. Nxe4 Bf5 5. Ng3 Bg6 6. Nf3 Nd7 7. h4 h6 8. h5
Bh7 9. Bd3 Bxd3 10. Qxd3 e6 11. Bd2 Ngf6 12. O-O-O Bd6 13. Ne4 Nxe4 14. Qxe4
Nf6 15. Qe2 Qc7 16. g3 O-O-O 17. c4 c5 18. Bc3 Qc6 19. d5 exd5 20. Bxf6 gxf6
21. Rxd5 Qa4 22. Rhd1 Kc7 23. b3 Rhe8 24. Qd3 Qxa2 25. Rxd6 Qa1+ 26. Kc2 Re2+
27. Nd2 Qa2+ 28. Kc3 Qa5+ 29. Kb2 Rxd6 30. Qxe2 Ra6 31. Qe7+ Kb8 32. Ne4 Qa2+
33. Kc3 Qa5+ 34. Kd3 Re6 35. Qf8+ 1-0

[Event "Edinburgh Premier"]
[Site "Edinburgh"]
[Date "2016.04.10"]
[Round "5.21"]
[White "Smith, Callum"]
[Black "Shafi, Declan"]
[Result "0-1"]
[WhiteElo "1685"]
[BlackElo "1857"]
[PlyCount "88"]
[EventDate "2016.04.08"]
[EventType "swiss"]
[EventRounds "5"]
[EventCountry "SCO"]
[SourceDate "2016.04.08"]

1. e4 e5 2. Nf3 Nc6 3. d4 exd4 4. Nxd4 Nf6 5. Nc3 Bb4 6. Nxc6 bxc6 7. Bd3 d5 8.
exd5 cxd5 9. O-O O-O 10. h3 h6 11. Bf4 c6 12. Ne2 Bd6 13. Qd2 Re8 14. Rfe1 Ne4
15. Bxe4 Rxe4 16. Bxd6 Qxd6 17. Ng3 Re6 18. Rxe6 Bxe6 19. c3 a5 20. Rb1 a4 21.
b3 c5 22. b4 Qb6 23. a3 Rd8 24. Rd1 cxb4 25. cxb4 d4 26. Ne4 Bb3 27. Re1 d3 28.
Nc5 Bc2 29. Re3 Qb5 30. Re7 Qc4 31. Re3 Qa2 32. Nb7 Rb8 33. Nc5 Rd8 34. Re7
Qxa3 35. Qf4 Qa1+ 36. Kh2 Qf6 37. Qxf6 gxf6 38. Nxd3 Bxd3 39. Ra7 Bc2 40. Ra6
Rb8 41. Rxf6 Ra8 42. b5 a3 43. Ra6 Rxa6 44. bxa6 a2 0-1

[Event "Edinburgh Premier"]
[Site "Edinburgh"]
[Date "2016.04.10"]
[Round "5.22"]
[White "Livingstone, Jonathan"]
[Black "Chapman, Nigel"]
[Result "1/2-1/2"]
[WhiteElo "1722"]
[BlackElo "1754"]
[PlyCount "63"]
[EventDate "2016.04.08"]
[EventType "swiss"]
[EventRounds "5"]
[EventCountry "SCO"]
[SourceDate "2016.04.08"]

1. e4 d5 2. exd5 Qxd5 3. Nc3 Qa5 4. d4 Nf6 5. Bc4 Bg4 6. f3 Bf5 7. Nge2 e6 8.
O-O c6 9. Bf4 Be7 10. Ng3 Bg6 11. Re1 O-O 12. Bb3 Re8 13. Nge4 Qd8 14. a3 a5
15. Qd2 Na6 16. Rad1 Nc7 17. Nxf6+ Bxf6 18. Ne4 Be7 19. c3 a4 20. Bc2 Nd5 21.
Bg3 b5 22. Bd3 Bh4 23. Qf2 Bxg3 24. Qxg3 Qb8 25. Qxb8 Raxb8 26. Bf1 Rb6 27. Rd2
Rbb8 28. Nc5 Red8 29. Kf2 Ra8 30. g3 h6 31. Re5 Ra7 32. Re1 1/2-1/2

[Event "Edinburgh Premier"]
[Site "Edinburgh"]
[Date "2016.04.10"]
[Round "5.23"]
[White "Carter, Richard"]
[Black "Pascha, Tariq"]
[Result "1/2-1/2"]
[WhiteElo "1805"]
[BlackElo "1654"]
[PlyCount "108"]
[EventDate "2016.04.08"]
[EventType "swiss"]
[EventRounds "5"]
[EventCountry "SCO"]
[SourceDate "2016.04.08"]

1. e4 c5 2. Nc3 a6 3. g3 Nc6 4. Bg2 Nf6 5. Nge2 d6 6. O-O e6 7. f4 Be7 8. d3
O-O 9. h3 Qc7 10. g4 b5 11. Ng3 Rd8 12. g5 Nd7 13. f5 exf5 14. Nd5 Qa7 15. exf5
Nde5 16. f6 Bf8 17. fxg7 Bxg7 18. Nf6+ Bxf6 19. gxf6 c4+ 20. Kh1 Kh8 21. Qh5
Rg8 22. Ne4 Rg6 23. Ng5 h6 24. Be4 Kg8 25. Bxg6 fxg6 26. Qxh6 Bf5 27. Ne4 Rf8
28. Rxf5 gxf5 29. Be3 Qh7 30. Rg1+ Ng4 31. Qxh7+ Kxh7 32. Ng5+ Kg6 33. hxg4
Rxf6 34. gxf5+ Kxf5 35. Rf1+ Kg6 36. Rxf6+ Kxf6 37. dxc4 bxc4 38. c3 Ne5 39.
Ne4+ Ke6 40. Nf2 Kd5 41. Kg2 a5 42. Kf1 Nc6 43. a4 Ne7 44. Bb6 Nc6 45. Ke2 Ke6
46. Ne4 Kd5 47. Ke3 Ne5 48. Bxa5 Nd3 49. Bc7 Nxb2 50. a5 Nd1+ 51. Kf4 Kc6 52.
Bxd6 Nxc3 53. a6 Nxe4 54. Kxe4 Kb6 1/2-1/2